| LEADER 00000nam 2200000uu 4500 |
| 001 214400 |
| 003 ULIBM |
| 008 250819s||||||||th 000 0 tha d |
| 020 ^ ^a9786164438958
|
| 041 ^atha^beng
|
| 060 ^4 ^aWO660^bจ223ก 2567
|
| 245 0 ^aการติดเชื้อในผู้ป่วยปลูกถ่ายอวัยวะ =^bInfections in solid organ transplant recipients /^cบรรณาธิการ, จักรพงษ์ บรูมินเหนทร์.
|
| 246 31 ^aInfections in solid organ transplant recipients.
|
| 250 ^ ^aพิมพ์ครั้งที่ 1.
|
| 260 ^ ^aกรุงเทพฯ :^bสำนักพิมพ์รามาธิบดี คณะเพทยศาสตร์โรงพยาบาลรามาธิบดี มหาวิทยาลัยมหิดล,^c2567.
|
| 300 ^ ^axix, 428 หน้า :^bภาพประกอบ,^c26 ซม.
|
| 505 2 ^aตอนที่ 1. หลักการของการติดเชื้อในผู้ป่วยปลูกถ่ายอวัยวะ : บทนำการติดเชื้อในผู้ป่วยปลูกถ่ายอวัยวะ - - สถานการณ์การติดเชื้อในผู้ป่วยปลูกถ่ายอวัยวะในประเทศไทย - - ยากดภูมิคุ้มกันกับการติดเชื้อฉวยโอกาส - - การวินิจฉัยและการดูแลการติดเชื้อในผู้ป่วยปลูกถ่ายอวัยวะ - - การป้องกันการติดเชื้อในผู้ป่วยปลูกถ่ายอวัยวะ - - บทบาทของการตรวจติดตามภูมิคุ้มกันในการดูแลผู้ป่วยปลูกถ่ายอวัยวะ - - การสร้างภูมิคุ้มกันในผู้ป่วยปลูกถ่ายอวัยวะ - - การป้องกันและควบคุมการติดเชื้อในการปลูกถ่ายอวัยวะ - - ทิศทางในอนาคตของการติดในผู้ป่วยปลูกถ่ายอวัยวะ -- ตอนที่ 2. การติดเชื้อในผู้ป่วยปลูกถ่ายอวัยวะตามเชื้อก่อโรค : การติดเชื้อไวรัสเฮอร์ปีส์ - - การติดเชื้อไวรัสโพลิโอมา - - การติดเชื้อไวรัสตามระบบ - - การติดเชื้อแบคทีเรีย - - การติดเชื้อมัยโคแบคทีเรีย - - การติดเชื้อนิวโมซิสติสและยีสต์ - - การติดเชื้อราประจำถิ่นและราสาย - - การติดเชื้อเขตร้อน.
|
| 650 ^4 ^aการติดเชื้อ.
|
| 650 ^4 ^aการปลูกถ่ายอวัยวะ เนื้อเยื่อ ฯลฯ.
|
| 700 0 ^aจักรพงษ์ บรูมินเหนทร์,^eบรรณาธิการ.
|
| 710 2 ^aมหาวิทยาลัยมหิดล.^bคณะเพทยศาสตร์โรงพยาบาลรามาธิบดี.
|
| 856 ^zการติดเชื้อในผู้ป่วยปลูกถ่ายอวัยวะ.pdf (สารบัญหนังสือ)^uhttp://43.133.101.113/ULIB62015//_fulltext/5/214400/20250905163954_2341.pdf |
| 999 ^aใช้งานได้ทุกระบบ
|